| 000 | 006630000a22002170004500 | ||
|---|---|---|---|
| 003 | LK-CoMWRAF | ||
| 005 | 20231206145742.0 | ||
| 008 | 230817t ||||| |||| 00| 0 eng d | ||
| 020 | _a9556070311 | ||
| 040 |
_aLK-CoMWRAF _dLK-CoMWRAF _eLK-CoMWRAF |
||
| 041 | _aeng | ||
| 082 |
_a323.34 _bWIC |
||
| 100 | _aWickramasinghe, Maithree | ||
| 245 |
_aFrom Theory to Action: _bWomen Gender And Development |
||
| 260 |
_aColombo: _bFriedrich-Ebert Stiftung, _c2000 |
||
| 300 |
_a xxi, 179 p. ; 23 cm. _bBibliography included |
||
| 490 |
_aFES publication ; _v 40 |
||
| 650 | _aWOMEN IN DEVELOPMENT-Sri Lanka | ||
| 650 | _aSocial participation-Sri Lanka | ||
| 942 | _cBK | ||
| 999 |
_c133 _d133 |
||